7 to 1: Stranger Things Quiz Stats

 Plays Quiz Updated Jul 18, 2019

Score 0/28 Timer 05:00
12 Plays Today
% Correct
The Vanishing of Will Byers
94%
The Weirdo on Maple Street
90.5%
The Flea and the Acrobat
89.8%
The Upside Down
87.9%
The Demogorgon
83.8%
The Mind Flayer
79.2%
Will Byers
78.4%
The Ghostbusters
78.3%
Millie Bobby Brown
78.3%
Winona Ryder
77%
The Bathtub
76.9%
Mike Wheeler
75.9%
Lucas Sinclair
73.2%
Steve Harrington
73%
% Correct
D'Artagnan (Dart)
72.6%
Dustin Henderson
72.6%
Finn Wolfhard
72.2%
Martin Brenner
69.7%
Robin
68.8%
Noah Schnapp
68.3%
The Body
67.9%
Bob Newby
67.4%
Scott Clarke
66.9%
Sam Owens
63.7%
Eleven
63.1%
Natalia Dyer
62.2%
Holly, Jolly
57.5%
Kali Prasad
56.1%

You're not logged in!

Compare scores with friends on all Sporcle quizzes.
OR
Log In

Sporcle TV

Today on Sporcle TV


Watch our educational content, quiz creation guides, and fun videos on Sporcle TV.

Show Comments

Extras

Top Quizzes Today


Score Distribution

Your Account Isn't Verified!

In order to create a playlist on Sporcle, you need to verify the email address you used during registration. Go to your Sporcle Settings to finish the process.

Report this User

Report this user for behavior that violates our Community Guidelines.

Details: